Akciové portfolio Fondu národného majetku SR. 5

Záverečná časť abecedne usporiadaného súpisu slovenských účastinných spoločností s percentuálnou účasťou FNM na ich portfoliu.

Saved in:
Bibliographic Details
Format: Book Chapter
Language:Slovak
Subjects:
Tags: Add Tag
No Tags, Be the first to tag this record!

MARC

LEADER 00000naa a2200000 4500
001 r015595
005 20221213114322.3
041 0 |a slo 
044 |a SK 
245 1 0 |a Akciové portfolio Fondu národného majetku SR. 5 
520 |a Záverečná časť abecedne usporiadaného súpisu slovenských účastinných spoločností s percentuálnou účasťou FNM na ich portfoliu. 
610 2 0 |a spoločnosti akciové 
610 2 0 |a Slovensko 
610 2 0 |a FNM SR Bratislava 
610 2 0 |a portfólio